[Event "Wuerttemberg-ch U14"]
[Site "Friedrichshafen"]
[Date "2005.03.29"]
[Round "2"]
[White "Springer, Jan"]
[Black "Pogan, Nikolas"]
[Result "0-1"]
[WhiteElo "1179"]
[BlackElo "1572"]
[PlyCount "60"]
[EventDate "2005.03.29"]
[EventType "swiss"]
[EventRounds "7"]
[EventCountry "GER"]
[SourceTitle "EXT 2007"]
[Source "ChessBase"]
[SourceDate "2006.11.23"]
[SourceVersion "1"]
[SourceVersionDate "2006.11.23"]
[SourceQuality "1"]

1. e4 c6 2. d4 d5 3. exd5 cxd5 4. Nf3 Bf5 5. Bd3 Bg6 6. Bf4 e6 7. c3 Bd6 8. Bg3 Nf6 9. Bxg6 hxg6 10. Bxd6 Qxd6 11. h3 Nc6 12. Nbd2 e5 13. dxe5 Nxe5 14. 0-0 0-0-0 15. Nxe5 Qxe5 16. Nf3 Qh5 17. Qd2 Ne4 18. Qd4 g5 19. Nh2 f5 20. Rad1 g4 21. Rd3 Qg5 22. hxg4 fxg4 23. Qxa7 Rxh2 24. Kxh2 Qh5+ 25. Kg1 Rh8 26. Qa8+ Kc7 27. Qa5+ Kb8 28. Rh3 gxh3 29. g3 h2+ 30. Kh1 Qf3# 0-1